000 00523nam a2200181Ia 4500
003 GCL
008 140319s9999 xx 000 0 eng d
040 _aGCL /
_cGCL
082 0 4 _a519.2
_bB T
100 1 _aHWANG, PATRICKY.C
245 1 0 _aINTRODUCTION TO RADOM SIGNALS AND APPLIED CALMUN FILTERING, 2th /
_cHWANG, PATRICKY.C
700 1 _aBROWN, ROBERT GROVER
260 _a[S.N] :
_bJOHN WILEY AND SONS. INC ،
_c1992
300 _a502 P
650 0 4 _aRANDOM SIGNALS
650 0 4 _aRANDOM PROCESSES
942 _2ddc
_cBK
999 _c16944
_d16944